Fr. Conceicao Rodrigues College of Engineering

FANUC Series.0 (Record no. 20517)

MARC details
000 -LEADER
fixed length control field 00259nam a2200133Ia 4500
082 ## - DEWEY DECIMAL CLASSIFICATION NUMBER
Classification number 670.285
Item number FANUC
100 ## - MAIN ENTRY--PERSONAL NAME
Personal name FANUC Ltd
245 ## - TITLE STATEMENT
Title FANUC Series.0
260 ## - PUBLICATION, DISTRIBUTION, ETC.
Name of publisher, distributor, etc. FANUC Ltd
Date of publication, distribution, etc. 1988
546 ## - LANGUAGE NOTE
Language note ENGLISH
654 ## - SUBJECT ADDED ENTRY--FACETED TOPICAL TERMS
Focus term FANUC
942 ## - ADDED ENTRY ELEMENTS (KOHA)
Koha item type BOOK
Holdings
Withdrawn status Lost status Damaged status Not for loan Collection Home library Current library Date acquired Inventory number Total Checkouts Full call number Barcode Date last seen Price effective from Koha item type
        CRC Fr. Agnel's C.Rodrigues College of Engineering Fr. Agnel's C.Rodrigues College of Engineering 17/03/2023 3666   670.285 FANUC 11451 17/03/2023 17/03/2023 BOOK
        CRC Fr. Agnel's C.Rodrigues College of Engineering Fr. Agnel's C.Rodrigues College of Engineering 17/03/2023     670.285 FANUC 11452 17/03/2023 17/03/2023 BOOK
        CRC Fr. Agnel's C.Rodrigues College of Engineering Fr. Agnel's C.Rodrigues College of Engineering 17/03/2023     670.285 FANUC 11453 17/03/2023 17/03/2023 BOOK